LEADER 01380nam0 22003253i 450 001 REA0042027 005 20231121125648.0 010 $a8845308677 100 $a20040915d1998 ||||0itac50 ba 101 | $aita 102 $ait 181 1$6z01$ai $bxxxe 182 1$6z01$an 200 1 $a˜Il œbilancio di esercizio delle imprese di assicurazione$fLuigi Selleri 210 $aMilano$cETAS libri$d1998 215 $aXI, 364 p.$d24 cm. 225 | $aGestione d'impresa$i. Contabilità e controllo di gestione 410 0$1001CFI0169495$12001 $aGestione d'impresa$i. Contabilità e controllo di gestione 606 $aCompagnie di assicurazione$xBilancio$2FIR$3RMLC251718$9I 676 $a657.83603$9$v20 700 1$aSelleri$b, Luigi$3CFIV011695$4070$0105427 801 3$aIT$bIT-01$c20040915 850 $aIT-RM0460 $aIT-FR0098 899 $aBiblioteca Dell' Archivio Centrale Dello Stato$bRM0460 899 $aBiblioteca Area Giuridico Economica$bFR0098 912 $aREA0042027 950 0$aBiblioteca Area Giuridico Economica$d 53IMP 30 163$e 53VM 0000088465 VMB A4 barcode:ECO009931. - Inventario:5061. - Fondo:Sala consultazioneVM$fA $h19991118$i20121204 977 $a 27$a 53 996 $aBilancio di esercizio delle imprese di assicurazione$9195141 997 $aUNICAS LEADER 01338nam0 22003493i 450 001 CAG1152132 005 20251003044103.0 010 $a0444426140 100 $a20090401d1986 ||||0itac50 ba 101 | $aeng 102 $anl 181 1$6z01$ai $bxxxe 182 1$6z01$an 200 1 $aComputer-aided design, selection and evaluation of robots$fby Bartholomew O. Nnaji 210 $aAmsterdam [etc.]$cElsevier$d1986 215 $aXIV, 292 p.$cill.$d25 cm. 225 | $aManufacturing research and technology$v2 410 0$1001MIL0241890$12001 $aManufacturing research and technology$v2 606 $aAutomi$2FIR$3CFIC015972$9E 676 $a629.8$9INGEGNERIA DEI CONTROLLI AUTOMATICI$v14 676 $a629.892$9CONTROLLO AUTOMATICO MEDIANTE ELABORATORE. ROBOT$v22 696 $aRobot 699 $aAutomi$yRobot 700 1$aNnaji$b, Bartholomew O.$f <1956- >$3PUVV077085$4070$0491127 801 3$aIT$bIT-000000$c20090401 850 $aIT-BN0095 901 $bNAP 01$cSALA DING $n$ 912 $aCAG1152132 950 0$aBiblioteca Centralizzata di Ateneo$c1 v.$d 01SALA DING 629.8 NNA.co$e 0102 0000001695 VMA A4 1 v.$fY $h19930413$i19930413 977 $a 01 996 $aComputer-aided design, selection and evaluation of robots$9333969 997 $aUNISANNIO